Manchester United Starting XI 22-23 - Statistics

General Stats
  • This quiz has been taken 87 times
  • The average score is 8 of 12
Answer Stats
Question Answer % Correct
Who is the Left-Winger? Garnacho
100%
Who is the Striker/Forward? Anthony Martial
96%
Who is the Goalkeeper? David De Gea
96%
Who is the Centre-Defending Midfielder{CDM}? Casemiro
88%
Who is the Left Back? Luke Shaw
79%
Who is the Centre-Attacking Midfielder{CAM}? Eriksen
75%
Who's the best team in the Premier League? Man United
71%
Who is the Right-Winger? Marcus Rashford
58%
Who is the Centre Midfielder{CM}? Mctominay
42%
Who is the Right-Centre Back? Lisandro Martinez
29%
Who is the Right Back? Diego Dalot
25%
Who is the Left-Centre Back? Raphael Varane
25%
No matching quizzes found
Score Distribution
Percent of People with Each Score
Percentile by Number Answered
Your Score History
You have not taken this quiz